00640nam a2200169 a 450000100100000000500170001000800410002704000250006808200210009310000450011424500760015926000640023530000210029950000430032050400730036360000340043600002730620240305073654.0110331s1954 dr 001 0 spa d aDO-SdBNPbspacBNPHU a923.57293bG633r1 aRodríguez Demorizi, Emilio,d1908-198610aPapeles dominicanos de Máximo Gómez /cEmilio Rodríguez Demorizi. aCiudad Trujillo, República Dominicana :bMontalvo,c1954. a444 p. ;c23 cm. aIncluye índice de personas y lugares aIncluye referencias bibliográficas y notas al pie de las páginas10aGómez, Máximo,d1836-1905